000
00305nam a2200097Ia 4500
008
220204s9999 xx 000 0 und d
082
_a
62(083.74)AST1976
_b
ANN
245
0
_a
1976 Annual book of ASTM standards. Pt 25. Petroleum products and lubricants(iii)
260
_a
Philadelphia
_b
ASTM
_c
1976
942
_c
BK
999
_c
26399
_d
26399